000 00467nam a22001817a 4500
003 CEME
005 20210628203418.0
008 210128b xxu||||| |||| 00| 0 eng d
020 _a0-14-062090-7
040 _c.
082 _a808.83 HAR
100 _aHardy, Thomas
_927910
245 _aThe wood landers
260 _aINDIA
_bPENGUIN BOOKS
_c1994
300 _aVI,443P
650 _aENGLISH LITERATURE-FICTION.PENGUINE POPULAR CLASSIC
_964803
942 _cBK
_2ddc
999 _c573545
_d573545